000 01205nam a2200301 i 4500
001 39436
003 ES-MaACL
005 20251007171610.0
007 t|
008 030303s1953 sp cf |||| |dspa d
080 _a86.0(82)-822"18"
245 0 0 _aTres clásicos argentinos
_b: Miguel Cané, Joaquín V. González, Paul Groussac ; prólogo de Julio Molina Aguirre.
260 _a[Madrid :
_bAguilar :
_bE. Sánchez Leal,
_c1953]
300 _a683 p., [3] h. lám. ;
_c12 cm.
490 1 _aCrisol ;
_v360
505 8 _aContiene: ;
_tJuvenilia /
_rMiguel Cané. --
_tMis montañas /
_rJoaquín V. González. --
_tLa Biblioteca Nacional de Buenos Aires ; Discurso en la inauguración de la Biblioteca Nacional de Buenos Aires ; Medallones /
_rPaul Groussad
599 _aRetr. de los autores.
700 1 _aCané, Miguel (
_d1851-1905)
_9149291
700 1 _aGonzález, Joaquín V.,
_d1863-1923
_958329
700 1 _aGroussac, Paul.
_960209
700 1 _aMolina Aguirre, Julio.
_981911
740 0 _aJuvenilia.
740 0 _aMis montañas.
740 3 _aLa Biblioteca Nacional de Buenos Aires.
830 0 _aCrisol ;
_v360
_9180848
852 _aES-MaACL
_jC-8575
999 _c39436
_d39436